North American Countries by Borders Quiz Stats

 Plays Quiz Updated Jun 14, 2017

Challenge
Share
Tweet
Embed
Score 0/23 Timer 02:00
4 Plays Today
% Correct
Cuba
91.7%
United States
91.5%
The Bahamas
91.2%
Jamaica
90.7%
Saint Lucia
89.6%
Canada
88.9%
Barbados
88.9%
Saint Kitts and Nevis
88%
Trinidad and Tobago
87%
Antigua and Barbuda
86.6%
Saint Vincent and the Grenadines
86.4%
Mexico
83.8%
% Correct
Haiti
82.5%
Dominica
81.9%
Grenada
80.8%
Dominican Republic
80.6%
Panama
72.3%
Guatemala
63.8%
Belize
60.3%
Honduras
57.2%
Costa Rica
57.2%
Nicaragua
50.8%
El Salvador
49.3%

You're not logged in!

Compare scores with friends on all Sporcle quizzes.
OR
Log In

You Might Also Like...

Show Comments

Extras

Top Quizzes Today


Score Distribution

Your Account Isn't Verified!

In order to create a playlist on Sporcle, you need to verify the email address you used during registration. Go to your Sporcle Settings to finish the process.

Report this User

Report this user for behavior that violates our Community Guidelines.

Details: